000
00253nam a2200097Ia 4500
008
230508s2015 xx 000 0 und d
041
_a
eng
100
_a
SALUNKHE N S
245
_a
MECHANICAL ENGINEERING MAERIALS G SCHEME
260
_b
TECH-MAX
_c
2015
_g
2014
999
_c
340795
_d
340795